00786cam a22002173a 45000010005000000030006000050050017000110080041000280400015000690420007000840500007000911000066000982450197001642600029003615060030003905160020004206530048004406530011004888300028004998560041005277096PGUSA20140828083140.0041201s2004||||xxu|||||s|||||000 | eng d aPGUSAbeng adc 4aPJ1 aBudge, E. A. Wallis,cSirq(Ernest Alfred Wallis),d1857-193414aThe Babylonian Story of the Deluge as Told by Assyrian Tablets from Nineveh :bThe Discovery of the Tablets at Nineveh by Layard, Rassam and Smithh[electronic resource] /cE. A. Wallis, Budge bProject Gutenberg,c2004 aPublic domain in the USA. aElectronic text aLibraries -- Iraq -- Nineveh (Extinct city) aDeluge 0aProject Gutenbergv709640uhttp://www.gutenberg.org/ebooks/7096